Lady Gaga - Chansons commençant par L - Statistiques

Statistiques générales
  • Ce quiz a été pris 14 fois
  • Le résultat moyen est 3 sur 9
Statistiques - réponses
L % Correct
LoveGame
90%
LoveDrug
80%
Love for Sale avec Tony Bennett
30%
Love Me Right
30%
La Vie en rose
20%
Let's Do It (Gaga solo)
20%
Look What I Found
20%
Let's Face the Music and Dance avec Tony Bennett
10%
Lush Life avec Tony Bennett
10%
Aucun quiz correspondant
Distribution des résultats
% des personnes avec chaque résultat
Percentile par nombre de réponses
Votre historique - résultats
Vous n’avez pas pris ce quiz